| 000 -LEADER |
| fixed length control field |
00481cam a22001097a 4500 |
| 008 - FIXED-LENGTH DATA ELEMENTS--GENERAL INFORMATION |
| fixed length control field |
180718b1982 xxu||||| |||| 00| 0 eng d |
| 082 ## - DEWEY DECIMAL CLASSIFICATION NUMBER |
| Classification number |
K5055x54 In2co |
| 245 ## - TITLE STATEMENT |
| Title |
Cooperation in administrative training among developing countires what India can offer |
| Statement of responsibility, etc. |
by Department of Personnel and Administrative Reforms, India |
| 260 ## - PUBLICATION, DISTRIBUTION, ETC. |
| Place of publication, distribution, etc. |
Delhi |
| Name of publisher, distributor, etc. |
Department of Personnel and Administrative Reforms |
| Date of publication, distribution, etc. |
1982 |
| 300 ## - PHYSICAL DESCRIPTION |
| Extent |
97+p. |
| 700 ## - ADDED ENTRY--PERSONAL NAME |
| Personal name |
India. Department of Personnel and Administrative Reforms |